International social science review

Bibliographic Details
Previous Title:Social science
Corporate Author: Pi Gamma Mu
Format: Journal
Language:English
Published: Winfield : Pi Gamma Mu, 1925-
Subjects:
Online Access:Acceso restringido

MARC

LEADER 00000nas a22000007a 4500
005 2011100308068.0
007 cr bna|||m||||
008 110504c19259999xxuqr p|s|||| 0 b|eng|c
022 |y 0278-2308 
035 |a 3046 
040 |d vLex 
090 |c 2600  |d 2600 
245 0 0 |a International social science review  |h [Recurso electrn̤ico] 
256 |a Servicio en ln̕ea. 
260 |a Winfield :  |b Pi Gamma Mu,  |c 1925- 
300 |a 1 recurso electrn̤ico 
310 |a Trimestral 
500 |a Descripcin̤ realizada a partir de: v. 1 (nov. 1925) 
500 |a Tt̕. del 1925 al 1981: Social science 
506 1 |a Contenido solo disponible en los productos indicados  |d vLex Global  |d vLex Global (Academic Edition, excluding Law Schools)  |d vLex Global (Academic Edition, Law Schools) 
650 4 |a Ciencias sociales  |x Revistas 
710 2 |a Pi Gamma Mu  
740 0 |a vLex Libros (Servicio en ln̕ea) 
780 0 0 |a Social science 
856 4 0 |z Acceso restringido  |u http://vlex.com/source/international-social-science-review-3046 
942 |c REV